000 00903cab a2200253 4500
001 ABS52645
008 090401t1995 xxu||||| |||| 00| 0 eng d
035 _a(Sirsi) u88360
041 _aeng
100 _aAgapiou, A.
245 _aPlanning future construction skill requirements: understanding labour resource issues
260 _c1995
350 _a0
490 _aConstruction Management & Economics
_v13(2) 1995, 149-161(13)
520 _aSuggests that self-employment and labour-only subcontracting is responsible for a decline in training. Stresses however the need for long-term planning of labour requirements and the vital role of training.
650 _aCONSTRUCTION INDUSTRY
650 _aEMPLOYMENT
650 _aSKILL SHORTAGES
650 _aCAREERS, EDUCATION AND TRAINING
690 _aBUILT ENVIRONMENT
700 _aPrice, A.D.F.
942 _n0
948 _c04/03/1997
999 _c55813
_d55813